Statistics for Famous Czech people

Click here to take the quiz!

General Stats

  • This quiz has been taken 36 times
  • The average score is 10 of 15

Answer Stats

Žil(a) Nápověda Osobnost % Correct
1936-2011first democratically elected president of Czechoslovakia and the first president of the Czech Republic; otherwise a playwright, philosopher, dissident and moreVáclav Havel
91%
1824-1884composer, known for his opera "The Bartered Bride" (Prodaná nevěsta), symphonic cycle "My Homeland" (Má vlast) or a festival opera "Libuše"Bedřich Smetana
78%
1883-1924German-language writer of novels and short stories, wrote "The Metamorphosis", "The Trial" or "The Castle"Franz Kafka
78%
1972-an ice-hockey right-winger, the leading point scorer among active NHL players, was the youngest and is the oldest NHL playerJaromír Jágr
78%
1841-1904composed "Rusalka", an opera which includes the "Song to the Moon"Antonín Dvořák
78%
1982-goalkeeper for Premier League club Arsenal (previously for Chelsea) and the Czech Republic national teamPetr Čech
75%
1956-a tennis player, World No. 1 for 332 weeks in single and a record 237 weeks in double (her partner for doubles was chiefly Pam Shriver)Martina Navrátilová
72%
1592-1670"The teacher of nations"; considered the father of modern education; wrote "Labyrinth of the World and Paradise of the Heart"John Amos Comenius
69%
1932-a Czech-American director, directed films like "One Flew Over the Cuckoo's Nest", "Loves of a Blonde", "Hair" or "Amadeus"Miloš Forman
59%
1860-1939an Art Nouveau painter and decorative artist, painted "The Slav Epic" (Slovanská epopej), lived and worked in Paris for some time; a tennis player Ivan Lendl collects his paintingsAlphonse Mucha
53%
1929-a Czech-French writer, wrote "The Unbearable Lightness of Being"Milan Kundera
50%
1937-an American politician and diplomat of Czech origin, the first female US Secretary of State, wrote "The Mighty and the Almighty" and "Madame Secretary"Madeleine Albright
50%
c.907-(929) 935the duke of Bohemia, assassinated by his brother, the patron saint of the Czech state; he appears in a carol ("Good King __________")Saint Wenceslaus
47%
1942-2016an artist gymnast, exceptionally successful between 1964-68; had a lot of problems because of her loud protests and opposition to the Soviet regimeVěra Čáslavská
47%
1878-1930a soprano opera singer, used to performe in Berlin and at the New York Metropolitan Opera; a 2000 Czech koruna banknote portrays her likenessEmmy Destinn
47%

Score Distribution

Percentile by Number Answered

Percent of People with Each Score

Your Score History

You have not taken this quiz